000 02641cam a22011774i 4500
003 PE-LiUPU
005 20250813185438.0
008 150623s1994 sp a rb 000 0 spa d
020 _a8431510560
020 _a9788431510565
035 _a(Sirsi) i9788431510565
040 _aPE-LiUPU
_bspa
_cPE-LiUPU
_dPE-LiUPU
_erda
049 _aPRUA
082 0 4 _a371.302 81
_bE77a
_221
100 1 _aEsposito, Antonella,
_eautor.
245 1 0 _aAprender a estudiar /
_cAntonella Espósito.
264 1 _aBarcelona :
_bEditorial de Vecchi,
_c[1994]
300 _a170 páginas :
_bilustraciones ;
_c21 centímetros.
336 _atext
_2rdacontent
337 _aunmediated
_2rdamedia
338 _avolume
_2rdacarrier
490 0 _aArtes, oficios y profesiones
504 _aBibliografía: páginas 169-170.
505 0 _aCómo vencer el miedo ante los exámenes -- Cómo leer más y mejor -- Como memorizar con éxito -- Como organizar el estudio para un examen -- Como afrontar el día del examen.
526 _aP202
526 _aP201
526 _aP163
526 _aP162
526 _aP161
526 _aP160
526 _aP148
526 _aP147
526 _aP146
526 _aP145
526 _aP144
526 _aP143
526 _aP142
526 _aP141
526 _aP140
526 _aP139
526 _aP138
526 _aP137
526 _aP136
526 _aP135
526 _aP134
526 _aP133
526 _aP129
526 _aP128
526 _aP127
526 _aP120
526 _aP119
526 _aP118
526 _aP116
526 _aP115
526 _aP114
526 _aP110
526 _aP109
526 _aP108
526 _aP104
526 _aP103
526 _aP102
526 _aP99
526 _aP98
526 _aP97
526 _aP96
526 _aP95
526 _aP93
526 _aP90
526 _aP89
526 _aP88
526 _aP83
526 _aP82
526 _aP62
526 _aP59
526 _aP58
526 _aP57
526 _aP51
526 _aP49
526 _aP48
526 _aP47
526 _aP29
526 _aP24
526 _aP20
526 _aP19
526 _aP17
526 _aP15
526 _aP14
526 _aP12
526 _aP10
526 _aP09
526 _aP08
526 _aP07
526 _aP06
526 _aP05
526 _aP04
526 _aP01
650 1 4 _aEstudio
_xMétodo.
_9256
942 _2ddc
_cBOOK
980 _81
_gALBERTO SANCHEZ Responsable de Automatización
999 _c32419
_d32419